Kesempurnaan solat (Record no. 87648)

MARC details
000 -LEADER
fixed length control field 00654nam a2200241 i 4500
001 - CONTROL NUMBER
control field C2-0281286
003 - CONTROL NUMBER IDENTIFIER
control field PPAK
005 - DATE AND TIME OF LATEST TRANSACTION
control field 20180728011923.0
008 - FIXED-LENGTH DATA ELEMENTS--GENERAL INFORMATION
fixed length control field 070814s2006 my |||| ||||| | may d
020 ## - INTERNATIONAL STANDARD BOOK NUMBER
International Standard Book Number 9833425119
040 ## - CATALOGING SOURCE
Original cataloging agency PPAK
Language of cataloging eng
Transcribing agency PPAK
Description conventions rda
082 04 - DEWEY DECIMAL CLASSIFICATION NUMBER
Classification number 297.57
Edition number 23
090 00 - LOCALLY ASSIGNED LC-TYPE CALL NUMBER (OCLC); LOCAL CALL NUMBER (RLIN)
Classification number (OCLC) (R) ; Classification number, CALL (RLIN) (NR) 297.57
Feature heading AHM
Feature heading G
100 0# - MAIN ENTRY--PERSONAL NAME
Personal name Ahmad Baei Jaafar,
Relator term author
245 10 - TITLE STATEMENT
Title Kesempurnaan solat
264 #1 - PRODUCTION, PUBLICATION, DISTRIBUTION, MANUFACTURE, AND COPYRIGHT NOTICE
Place of production, publication, distribution, manufacture Kuala Lumpur :
Name of producer, publisher, distributor, manufacturer E-Media Publication ,
Date of production, publication, distribution, manufacture, or copyright notice 2006
300 ## - PHYSICAL DESCRIPTION
Extent xx, 279 pages ;
Dimensions 24 cm
336 ## - CONTENT TYPE
Source rdacontent
Content type term text
337 ## - MEDIA TYPE
Source rdamedia
Media type term unmediated
338 ## - CARRIER TYPE
Source rdacarrier
Carrier type term volume
650 10 - SUBJECT ADDED ENTRY--TOPICAL TERM
Topical term or geographic name entry element Islam - Customs and practices.
942 ## - ADDED ENTRY ELEMENTS (KOHA)
-- dc
Koha item type Book
Holdings
Withdrawn Not for loan Current library Shelving location Date acquired Full call number Barcode Date last seen Koha item type Total Checkouts Date last checked out Total Renewals
    Perpustakaan Baling Pinjaman Dewasa 19/11/2007 297.57 AHM A01208570 01/09/2025 Book 6 11/08/2025 1
    Perpustakaan Bandar Baharu Pinjaman Dewasa 19/11/2007 297.57 AHM A01208571 09/05/2018 Book      
    Perpustakaan Jitra Pinjaman Dewasa 19/11/2007 297.57 AHM A01208565 09/05/2018 Book      
    Perpustakaan Kuala Nerang Pinjaman Dewasa 19/11/2007 297.57 AHM A01208572 09/05/2018 Book      
    Perpustakaan Langkawi Pinjaman Dewasa 19/11/2007 297.57 AHM A01208566 09/05/2018 Book      
    Perpustakaan Merbok Pinjaman Dewasa 19/11/2007 297.57 AHM A01208574 23/07/2022 Book 1 02/07/2022  
    Perpustakaan Sik Pinjaman Dewasa 19/11/2007 297.57 AHM A01208569 21/04/2022 Book 1 09/03/2022 1
    Perpustakaan Yan Pinjaman Dewasa 19/11/2007 297.57 AHM A01208568 10/01/2024 Book 1 19/12/2023